[Event "Catalunya-ch U18/20"]
[Site "Salou"]
[Date "2021.04.01"]
[Round "9"]
[White "Travesset Sagre, Jan"]
[Black "Alcala Gonzalez, Cesar"]
[Result "1/2-1/2"]
[WhiteElo "2129"]
[BlackElo "2110"]
[PlyCount "22"]
[EventDate "2021.03.27"]
[EventType "swiss"]
[EventRounds "9"]
[EventCountry "ESP"]
[SourceTitle "CBM 202 Extra"]
[Source "ChessBase"]
[SourceDate "2021.07.31"]
[SourceVersion "1"]
[SourceVersionDate "2021.07.31"]
[SourceQuality "1"]

1. d4 d5 2. c4 c6 3. Nc3 Nf6 4. cxd5 cxd5 5. Bf4 Qb6 6. a3 Qxb2 7. Na4 Qb5 8. Rc1 Qa5+ 9. Bd2 Qd8 10. e3 e6 11. Qb3 Be7 1/2-1/2

[Event "Catalunya-ch U18/20"]
[Site "Salou"]
[Date "2021.03.31"]
[Round "8"]
[White "Creixans Comerma, Pol"]
[Black "Travesset Sagre, Jan"]
[Result "0-1"]
[WhiteElo "1782"]
[BlackElo "2129"]
[PlyCount "118"]
[EventDate "2021.03.27"]
[EventType "swiss"]
[EventRounds "9"]
[EventCountry "ESP"]
[SourceTitle "CBM 202 Extra"]
[Source "ChessBase"]
[SourceDate "2021.07.31"]
[SourceVersion "1"]
[SourceVersionDate "2021.07.31"]
[SourceQuality "1"]

1. Nf3 d5 2. g3 Nd7 3. d4 Nb6 4. Bg2 Bf5 5. 0-0 e6 6. Nbd2 Nf6 7. c4 dxc4 8. Nxc4 Nxc4 9. Qa4+ c6 10. Qxc4 Be4 11. Bh3 Bxf3 12. exf3 Qd5 13. Qc3 Rd8 14. Be3 Bd6 15. Bg2 0-0 16. Rfc1 Rd7 17. b4 Qb5 18. a3 Nd5 19. Qb3 a6 20. f4 Be7 21. g4 Bd6 22. g5 Nxf4 23. Bxf4 Bxf4 24. Rc5 Qb6 25. Rd1 Qd8 26. Rc4 Qxg5 27. a4 Rfd8 28. b5 axb5 29. axb5 e5 30. bxc6 bxc6 31. Rc5 g6 32. d5 cxd5 33. Rcxd5 Rxd5 34. Rxd5 Rc8 35. Rd1 Kg7 36. Qf3 Re8 37. Qc3 Bxh2+ 38. Kf1 Bf4 39. Rd7 Rd8 40. Rxd8 Qxd8 41. Bf3 h5 42. Qc2 Qg5 43. Qe4 h4 44. Bg2 Qg4 45. Qf3 Qxf3 46. Bxf3 f5 47. Kg2 Kf6 48. Bd5 Bd2 49. f3 Kg5 50. Bf7 Be1 51. Be8 Bg3 52. Bf7 e4 53. fxe4 fxe4 54. Be8 Kf5 55. Bf7 g5 56. Bh5 Kf4 57. Kh3 Ke3 58. Kg2 Kd2 59. Kf1 h3 0-1